| 000 | 01222nam0a2200325 4500 | ||
|---|---|---|---|
| 001 | RU\NLR\b_ik\180472 | ||
| 005 | 20260405190502.0 | ||
| 035 | _a(NLR Aleph) 002253032 | ||
| 090 |
_a3714923 _c3714923 |
||
| 100 | _a20091113d1954 |||y0rusy50 ca | ||
| 101 | 1 |
_aeng _cfre |
|
| 102 | _aRU | ||
| 105 | _ac ||||||||| | ||
| 200 | 1 |
_aAlbert Schweitzer _ean introduction _fby Jacques Feschotte _gwith two unpubl. addresses by Albert Schweitzer _g[transl. from the French by John Russell] |
|
| 210 |
_aLondon _cBlack _d1954 |
||
| 215 |
_a130, [1] с. _cпортр. _d21 |
||
| 320 | _a"Books by A. Schweitzer" в конце кн. | ||
| 541 | 0 |
_aАльберт Швейцер _zrus |
|
| 600 | 0 | 1 |
_aШвейцер _bА. _f1875 - 1965 _gАльберт _91530362 _3RU\NLR\AUTH\66666308 |
| 686 | 2 | _aЭ376-39(4Фр)63-028 | |
| 686 | 1 | _aЮ7г(4Фр)6 | |
| 686 | 1 | _aЩ313(4Фр)6-83Швейцер | |
| 686 | 1 | _aЩ31г(4Фр)6дШвейцер | |
| 700 | 1 |
_aFeschotte _bJ. _f1894- _gJacques _4070 |
|
| 702 | 1 |
_4570 _8ger _7ba _aSchweitzer _bA. _f1875-1965 _gAlbert _3RU\NLR\AUTH\7782624 _965552 |
|
| 801 | 0 |
_aRU _bNLR _c20091113 _gRCR |
|
| 942 | _cBOOK | ||
| 980 | _aNB | ||